| 000 | 01900cam a22003977i 4500 | ||
|---|---|---|---|
| 001 | 10188612 | ||
| 003 | USPCAS-E | ||
| 005 | 20180118181415.0 | ||
| 006 | m d | ||
| 007 | cr n | ||
| 008 | 120426t20132013nyua sb 001 0 eng d | ||
| 015 |
_aGBB2B2760 _2bnb |
||
| 016 | 7 |
_a016206415 _2Uk |
|
| 020 | _a9781461442554 (alk. paper) | ||
| 020 | _a1461442559 (alk. paper) | ||
| 020 | _z9781461442561 (eBook) | ||
| 035 | _a(WaSeSS)ssj0000810686 | ||
| 040 |
_aBTCTA _beng _cBTCTA _dUKMGB _dYDXCP _dBWX _dSYB _dOCLCO _dWTU _dAU@ _dOCLCA _dOCLCQ _dDLC _dWaSeSS |
||
| 042 | _alccopycat | ||
| 050 | 4 |
_aTJ260 _b.O34 2013 |
|
| 050 | 4 | _aT58.8 | |
| 050 | 4 | _aTJ260 | |
| 082 | 0 | 4 |
_a621.4020113 _223 _bKEL-C 2013 |
| 100 | 1 | _aO'Kelly, Peter. | |
| 210 | 1 | 0 | _aComputer simulation of thermal plant operations |
| 245 | 1 | 0 |
_aComputer simulation of thermal plant operations _h[electronic resource] / _cPeter O'Kelly. |
| 502 | _a0 | ||
| 504 | _aIncludes bibliographical references (pages 495-499) and index. | ||
| 505 | 0 | _aPreface -- Plant simulation modules and functional groups -- Numerical methods -- Thermodynamic and transport properties of materials -- Conservation equations for flow systems -- Static components -- Turbomachines -- Heat transfer -- Heat exchangers -- Temperatures through component walls -- Furnaces, fuels and heat release -- Boiler circuits and steam generation -- Two-phase effects in steam flows -- Steam turbines -- Steam condensation -- Deaerators and feedwater heaters -- Simulation of complex networks. | |
| 506 | _aLicense restrictions may limit access. | ||
| 650 | 0 |
_aHeat engineering _xComputer simulation. |
|
| 773 | 0 | _tSpringerLink ebooks - Energy (2013) | |
| 856 | 4 | 0 |
_uhttp://www.columbia.edu/cgi-bin/cul/resolve?clio10188612 _zFull text available from SpringerLink ebooks - Energy (2013) |
| 910 | _aLibrary of Congress record | ||
| 942 |
_2ddc _cBK |
||
| 999 |
_c355833 _d355833 |
||